Друга сторона медалі (Завваги на маргінесі книжки д-ра І. Макуха "На народній службі" - виданої "Українською Вільною Громадою" в Америці 1958 р.) (Запис № 431759)

МАРК-запис
000 -Лідер
fixed length control field 00978nam a22002537a 4500
001 - Контрольний номер
control field 51634
003 - Ідентифікатор контрольного номера
control field UA-OsUOA
005 - Дата та час останнього входження (трансакції)
control field 20210712191844.0
007 - Фіксоване поле фізичного опису
fixed length control field ta
008 - Елементи даних фіксованої довжини – загальна інформація
fixed length control field 20140917b un ||||| |||| 00| 0 ukr d
040 ## - Джерело каталогізації
Агенція оригінальної каталогізації UA-OsUOA
Мова каталогізації ukr
Агенція, яка здійснювала перезапис UA-OsUOA
Агенція, яка здійснювала модифікацію UA-OsUOA
041 ## - Код мови
Код мови тексту/ звукової доріжки чи окремого заголовка (П) ukr
080 ## - Індекс Універсальної десяткової класифікації
Індекс Універсальної десяткової класифікації (УДК) (НП) 82-92
090 ## - Локальний шифр розміщення
Класифікаційний індекс УДК 82-92
Авторський знак (НП) К50
100 ## - Основне введення – ім’я особи
Ім’я особи (НП) Клодницький О.
245 ## - Відомості про назву
Назва (НП) Друга сторона медалі (Завваги на маргінесі книжки д-ра І. Макуха "На народній службі" - виданої "Українською Вільною Громадою" в Америці 1958 р.)
260 ## - Публікація, розповсюдження і т.п. (Вихідні дані)
Ім’я/ наймення видавництва, розповсюджувача і т.п. (П) Накладом автора
Дата публікації, розповсюдження і т.п. (П) 1964
300 ## - Фізичний опис
Обсяг 65 с.
650 #7 - Додаткове предметне введення – тематичний термін
Тематичний термін чи географічна назва, як елемент введення (НП) 82 Література. Літературознавство
Джерело заголовка чи терміна UDC
942 ## - Додаткові елементи входу (Коха)
Тип елемента Koha Книги
Source of classification or shelving scheme Universal Decimal Classification
955 ## - Код типу видання за змістом
Код типу видання за змістом (НП) Науково-популярні видання
Фонди
Стан вилучень Стан втрат Джерело класифікації або схеми стелажів Стан уражень Не для кредиту Постійне місце розташування Поточне розміщення Дата придбання Джерело придбання Вартість, звичайна ціна покупки Інвентарний номер Усього замовленно Повний номер виклику Штрих-код Дата останнього перегляду Ціна ефективна від Тип елемента Koha
    Universal Decimal Classification     Наукова бібліотека ІДУД Наукова бібліотека ІДУД 17/02/2011 238/2010 1.00 2131757   82-92 К50 2131757 14/09/2019 17/02/2011 Книги
    Universal Decimal Classification     Наукова бібліотека ІДУД Наукова бібліотека ІДУД 17/09/2014 311/2014 1.00 2137286   82-92 К50 2137286 14/09/2019 17/09/2014 Книги